Advances in International Accounting Vol. 18
Guardat en:
| Autor principal: | |
|---|---|
| Format: | Llibre |
| Publicat: |
Elsevier
|
| Etiquetes: |
Sense etiquetes, Sigues el primer a etiquetar aquest registre!
|
MARC
| LEADER | 00000nam a2200000Ia 4500 | ||
|---|---|---|---|
| 005 | 20260513122051.0 | ||
| 020 | |a 9780762312351 | ||
| 100 | |a Timothy Sale | ||
| 365 | |c £ | ||
| 365 | |b 28.00 | ||
| 942 | |c BK | ||
| 245 | |a Advances in International Accounting Vol. 18 | ||
| 260 | |b Elsevier | ||
| 999 | |c 42 |d 42 | ||
| 952 | |0 0 |1 0 |4 0 |7 0 |a UNSW |b UNSW |d 2026-05-06 |g 66.99 |i 16682 |l 0 |p 000142 |r 2026-05-13 12:20:51 |v 66.99 |w 2026-05-13 |y BK | ||